संतांचे समरसता सूत्र (Record no. 370194)

MARC details
000 -LEADER
fixed length control field 03877 a2200169 4500
003 - CONTROL NUMBER IDENTIFIER
control field OSt
005 - DATE AND TIME OF LATEST TRANSACTION
control field 20260213154703.0
008 - FIXED-LENGTH DATA ELEMENTS--GENERAL INFORMATION
fixed length control field 260206b |||||||| |||| 00| 0 eng d
020 ## - INTERNATIONAL STANDARD BOOK NUMBER
International Standard Book Number 9789391558222
100 ## - MAIN ENTRY--PERSONAL NAME
Personal name जेवणे दि.
9 (RLIN) 216662
245 ## - TITLE STATEMENT
Title संतांचे समरसता सूत्र
260 ## - PUBLICATION, DISTRIBUTION, ETC. (IMPRINT)
Name of publisher, distributor, etc. भारतीय विचार साधना प्रकाशन
Date of publication, distribution, etc. 2021
Place of publication, distribution, etc. पुणे
300 ## - PHYSICAL DESCRIPTION
Extent 119pp.
500 ## - GENERAL NOTE
Keywords सर्वसमावेशकता (Inclusivity): संत परंपरेने समाजातील सर्व घटकांना, मग ते कोणत्याही जातीचे किंवा वर्गाचे असोत, एकत्र येण्याचे आणि एकाच "समरसतेच्या गंगेत सामील होण्याचे" आवाहन केले आहे [५]।<br/>भेदाभेद अमंगळ (Elimination of Difference): संत तुकाराम महाराजांच्या या शिकवणीनुसार, जातीभेद, दांभिकता आणि सामाजिक विषमतेवर प्रहार करून, सर्वांमध्ये समानतेचा मानवतावादी दृष्टिकोन जोपासला जातो [७]।<br/>समता आणि बंधुत्व: संत साहित्यातील समता आणि समरसतेच्या विचारांचे प्रतिबिंब भारतीय संविधानातील समानतेच्या हक्कातही (कलम १५, १६, १७) दिसून येते [५, ७]।<br/>विश्वात्मक प्रेम: "वसुधैव कुटुम्बकम्" या भावनेतून, सर्व जीव सुखी आणि समृद्ध व्हावेत, ही संतांची प्रार्थना (सर्वेपि सुखिनः सन्तु) समरसतेचे प्रमुख लक्षण आहे [६]।<br/>वारकरी परंपरेचे उदाहरण: वारीच्या माध्यमातून, कोणताही भेदभाव न बाळगता "वैष्णवांचा मेळा" एकत्र येणे हे समरसतेचे एक मोठे उदाहरण आहे [५]। <br/>थोडक्यात, संतांचे समरसता सूत्र हे सर्व मानवांना प्रेमाने एकत्र बांधणारे, भेदभावाला नष्ट करणारे आणि शांततापूर्ण समाज निर्मितीसाठीचे मूळ तत्त्वज्ञान आहे.<br/>
520 ## - SUMMARY, ETC.
Summary, etc. संतांचे समरसता सूत्र हे जातीभेद, गरीब-श्रीमंत आणि स्त्री-पुरुष असा कसलाही भेद न करता, सर्वांना एकाच परमात्म्याचे अंश मानून "भेदाभेद अमंगळ" (भेदाभेद हा अमंगळ आहे) या तत्त्वावर आधारित सामाजिक एकात्मता आणि समता जोडणारे जीवनमूल्य आहे [५, ७]। हे सूत्र मानवी कल्याणासाठी सर्वसमावेशक बंधुत्वाचा आणि विश्वात्मक प्रेमाचा मार्ग दाखवते
942 ## - ADDED ENTRY ELEMENTS (KOHA)
Koha item type Books
Source of classification or shelving scheme Dewey Decimal Classification
Holdings
Withdrawn status Lost status Source of classification or shelving scheme Damaged status Not for loan Collection code Home library Current library Date acquired Vendor Cost, normal purchase price Total Checkouts Barcode Date last seen Cost, replacement price Bill Date Koha item type Original Barcode
    Dewey Decimal Classification     MCA MKSSS s K.B. Joshi Institute of Information Technology Library MKSSS s K.B. Joshi Institute of Information Technology Library 03/02/2026 188 91.00   KBJP-BK-3008 03/02/2026 130.00 03/02/2026 Books 3008